000 01018nam a22003137a 4500
003 OSt
005 20260513085008.0
008 260512b |||||||| |||| 00| 0 aze d
020 _a9789952225273
040 _aAZ-XaKU
_baze
_cAZ-XaKU
050 1 4 _aPN1669 .AM56 .L5668 2022
100 1 _aƏmirli, Əli,
_emüəllif.
_cdosent,
_d1948 - ,
245 1 0 _aUstad dərsləri
_c/ Əli Əmirli
264 _aBakı:
_bMücrü nəşriyyatı,
_c2021.
300 _a64 səhifə ;
_c20.5 sm.
336 _atext
_btxt
_2rdacontent
337 _aunmediated
_bn
_2rdamedia
338 _avolume
_bnc
_2rdacarrier
521 _aÜmumi oxucu kütləsi
600 _2AZ-XaKU
650 7 _aSənətşünaslıq
_zAzərbaycan
_2AZ-XaKU
655 _aElmi-publisistik və metodik vəsait
700 1 _aXan, Müşfiq,
_enaşir.
700 1 _aİlham, Fərid,
_edizayner.
700 1 _aAğsəs, Qulu,
_elayihənin rəhbəri.
700 1 _aTunay, Aytən,
_etexniki redaktor və korrektor.
942 _cBOOK
999 _c428
_d428